Statistiken für 100 Größte Städte auf einer Weltkarte

Klicken Sie hier um das Quiz zu spielen!

Allgemein

  • Dieses Quiz wurde 23.525 mal gespielt
  • Das Durchschnittsergebnis liegt bei 46 aus 100

Antworten auf der Karte

Die Antworten werden auf der Karte rot bzw. grün angezeigt, abhängig davon wie oft sie richtig erraten wurden.
Laden ...
 

Antwortstatistiken

BevölkerungUrbane Region% Korrekt
4.50 mil4+ MillionenBerlin
99%
11.2 mil10+ MillionenParis
98%
14.4 mil10+ MillionenLondon
97%
6.25 mil6+ MillionenMadrid
96%
16.9 mil10+ MillionenMoskau
96%
22.0 mil20+ MillionenNew York City
96%
17.6 mil10+ MillionenLos Angeles
91%
39.5 mil20+ MillionenTokio
91%
22.1 mil20+ MillionenMexiko-Stadt
90%
4.65 mil4+ MillionenBarcelona
89%
14.3 mil10+ MillionenIstanbul
89%
4.85 mil4+ MillionenKöln / Düsseldorf
88%
4.90 mil4+ MillionenSydney
88%
21.1 mil20+ MillionenPeking
85%
12.7 mil10+ MillionenRio de Janeiro
85%
5.45 mil4+ MillionenSankt Petersburg
85%
4.68 mil4+ MillionenAnkara
84%
5.15 mil4+ MillionenMailand
83%
16.8 mil10+ MillionenKairo
82%
6.10 mil6+ MillionenMiami
76%
7.60 mil6+ MillionenSan Francisco
75%
8.35 mil6+ MillionenWashington, DC
72%
15.8 mil10+ MillionenBuenos Aires
71%
9.80 mil6+ MillionenChicago
70%
30.9 mil20+ MillionenShanghai
67%
26.4 mil20+ MillionenDelhi
66%
13.4 mil10+ MillionenJohannesburg
65%
4.40 mil4+ MillionenMelbourne
65%
21.8 mil20+ MillionenSão Paulo
64%
7.25 mil6+ MillionenHong Kong
63%
23.2 mil20+ MillionenMumbai
63%
9.95 mil6+ MillionenLima
62%
7.05 mil6+ MillionenSantiago
62%
24.4 mil20+ MillionenSeoul
62%
6.90 mil6+ MillionenSingapur
61%
13.7 mil10+ MillionenTeheran
61%
28.1 mil20+ MillionenJakarta
60%
7.35 mil6+ MillionenBoston
59%
16.9 mil10+ MillionenBangkok
58%
6.85 mil6+ MillionenBagdad
57%
6.55 mil6+ MillionenDallas
55%
6.20 mil6+ MillionenHouston
55%
9.35 mil6+ MillionenBogotá
54%
6.70 mil6+ MillionenRiad
53%
5.15 mil4+ MillionenAlexandria
52%
23.3 mil20+ MillionenManila
50%
7.10 mil6+ MillionenToronto
49%
5.70 mil4+ MillionenDetroit
47%
5.50 mil4+ MillionenAtlanta
45%
5.20 mil4+ MillionenNairobi
44%
7.30 mil6+ MillionenPhiladelphia
44%
17.8 mil10+ MillionenOsaka
43%
17.1 mil10+ MillionenLagos
42%
7.00 mil6+ MillionenKuala Lumpur
41%
4.33 mil4+ MillionenPhoenix
39%
17.6 mil10+ MillionenDhaka
36%
16.0 mil10+ MillionenKalkutta
36%
10.6 mil10+ MillionenKinshasa
36%
9.05 mil6+ MillionenTaipeh
34%
4.58 mil4+ MillionenAccra
32%
8.25 mil6+ MillionenHo-Chi-Minh-Stadt
32%
47.7 mil20+ MillionenGuangzhou
31%
8.00 mil6+ MillionenWuhan
31%
4.68 mil4+ MillionenColombo
30%
6.80 mil6+ MillionenLuanda
29%
5.55 mil4+ MillionenKhartum
28%
24.3 mil20+ MillionenKaratschi
25%
10.5 mil10+ MillionenBangalore
23%
5.30 mil4+ MillionenDaressalam
22%
4.98 mil4+ MillionenGuadalajara
22%
4.93 mil4+ MillionenBelo Horizonte
21%
10.0 mil10+ MillionenChennai
20%
10.2 mil10+ MillionenLahore
20%
6.65 mil6+ MillionenXi'an
20%
9.00 mil6+ MillionenHyderabad
16%
4.65 mil4+ MillionenMonterrey
16%
10.4 mil10+ MillionenNagoya
15%
11.4 mil10+ MillionenTianjin
15%
5.05 mil4+ MillionenAbidjan
14%
5.15 mil4+ MillionenYangon
14%
9.60 mil6+ MillionenChengdu
13%
6.85 mil6+ MillionenNanjing
13%
7.45 mil6+ MillionenAhmedabad
12%
7.05 mil6+ MillionenChongqing
12%
10.0 mil10+ MillionenXiamen
12%
6.10 mil6+ MillionenPune
11%
5.95 mil4+ MillionenBandung
9%
4.53 mil4+ MillionenChittagong
9%
8.30 mil6+ MillionenHangzhou
9%
5.15 mil4+ MillionenHarbin
9%
4.70 mil4+ MillionenSurabaya
9%
5.70 mil4+ MillionenQingdao
8%
7.65 mil6+ MillionenShenyang
8%
4.50 mil4+ MillionenDalian
7%
5.70 mil4+ MillionenSurat
7%
4.55 mil4+ MillionenHefei
6%
4.68 mil4+ MillionenZhengzhou
6%
4.45 mil4+ MillionenChangsha
5%
7.95 mil6+ MillionenShantou
5%
5.90 mil4+ MillionenWenzhou
5%

Verteilung der Resultate

Perzentil nach korrekt beantworteten Fragen

Anzahl Personen mit jedem Resultat

Ihre Resultats-Entwicklung

Sie haben dieses Quiz noch nicht gespielt